Creating White Australia.

The adoption of White Australia as government policy in 1901 demonstrates that whiteness was crucial to the ways in which the new nation of Australia was constituted. And yet, historians have largely overlooked whiteness in their studies of Australia's racial past. Creating White Australia take...

Full description

Bibliographic Details
Main Author: Carey, Jane.
Other Authors: McLisky, Claire.
Format: eBook
Language:English
Published: Sydney : Sydney University Press, 2009.
Edition:1st ed.
Subjects:
Online Access:Click to View
LEADER 01749nam a22003613i 4500
001 EBC31280398
003 MiAaPQ
005 20240729202206.0
006 m o d |
007 cr cnu||||||||
008 240729s2009 xx o ||||0 eng d
020 |a 9781743321331  |q (electronic bk.) 
020 |z 9781920899424 
035 |a (MiAaPQ)EBC31280398 
035 |a (Au-PeEL)EBL31280398 
040 |a MiAaPQ  |b eng  |e rda  |e pn  |c MiAaPQ  |d MiAaPQ 
100 1 |a Carey, Jane. 
245 1 0 |a Creating White Australia. 
250 |a 1st ed. 
264 1 |a Sydney :  |b Sydney University Press,  |c 2009. 
264 4 |c Ã2009. 
300 |a 1 online resource (233 pages) 
336 |a text  |b txt  |2 rdacontent 
337 |a computer  |b c  |2 rdamedia 
338 |a online resource  |b cr  |2 rdacarrier 
520 |a The adoption of White Australia as government policy in 1901 demonstrates that whiteness was crucial to the ways in which the new nation of Australia was constituted. And yet, historians have largely overlooked whiteness in their studies of Australia's racial past. Creating White Australia takes a fresh approach to the question of 'race' in Australian history. 
588 |a Description based on publisher supplied metadata and other sources. 
590 |a Electronic reproduction. Ann Arbor, Michigan : ProQuest Ebook Central, 2024. Available via World Wide Web. Access may be limited to ProQuest Ebook Central affiliated libraries.  
655 4 |a Electronic books. 
700 1 |a McLisky, Claire. 
776 0 8 |i Print version:  |a Carey, Jane  |t Creating White Australia  |d Sydney : Sydney University Press,c2009  |z 9781920899424 
797 2 |a ProQuest (Firm) 
856 4 0 |u https://ebookcentral.proquest.com/lib/matrademy/detail.action?docID=31280398  |z Click to View